Sports Quiz

Random Sports or NFL Quiz

Super Bowl XLVII Players by Stat Quiz Stats

 Plays Quiz not verified by Sporcle

Challenge
Share
Tweet
Embed
Score 0/18 Timer 06:00
0 Plays Today
Stat Player % Correct
22/33, 287 yards, 3 TDsJoe Flacco
96.2%
16/28, 302 yards, 1 TD, 1 INTColin Kaepernick
90.6%
20 carries, 59 yards, 1 fumbleRay Rice
88.7%
19 carries, 110 yards, 1 TDFrank Gore
88.7%
1 reception, 56 yards, 1 TDJacoby Jones
86.8%
5 tackles, 1 INTEd Reed
86.8%
6 receptions, 104 yards, 1 TDAnquan Boldin
84.9%
5 receptions, 109 yards, 1 TDMichael Crabtree
84.9%
6 receptions, 104 yardsVernon Davis
84.9%
Stat Player % Correct
3 carries, 10 yards, 1 fumbleLaMichael James
67.9%
2 receptions, 41 yardsRandy Moss
67.9%
12 carries, 33 yardsBernard Pierce
66%
8 tacklesPatrick Willis
66%
2 receptions, 35 yardsTorrey Smith
52.8%
3 tackles, 2 sacksPaul Kruger
47.2%
5 tackles, 1 sackAhmad Brooks
30.2%
4 tackles, 1 FFCourtney Upshaw
18.9%
2 tackles, 1 FFTarell Brown
15.1%

You're not logged in!

Compare scores with friends on all Sporcle quizzes.
Join for Free
OR
Log In

You Might Also Like...

Show Comments

Extras

Top Quizzes Today


Score Distribution

Your Account Isn't Verified!

In order to create a playlist on Sporcle, you need to verify the email address you used during registration. Go to your Sporcle Settings to finish the process.

Report this User

Report this user for behavior that violates our Community Guidelines.

Details: